000 00814nam a2200229Ii 4500
003 JO-AjNU
008 230605s9999||||xx |||||||||||||| ||und||
017 _a14404/97
020 _a977-200-193-4
040 _aJO-AjNU
_bara
_erda
_cJO-AjNU
041 _aara
050 1 4 _aHC415.15.A22.1998
100 3 _aعبدالحميد،عبدالمطلب,
_eauthor
_917838
245 0 0 _aالنظام الاقتصادي العالمي:الاليات،الخصائص،الابعاد
250 _aط1
264 3 1 _aالقاهرة:مكتبة النهضة المصرية،1998
300 _a245ص
_bيحتوي على ببلوغرافية من ص 237-245ص
336 _atext
_btxt
_2rdacontent
337 _aunmediated
_bn
_2rdamedia
338 _avolume
_bnc
_2rdacarrier
650 4 _aالاقتصاد العالمي
_917839
999 _aA5594
_c9162
_d9162